| 000 | 00506nam a22001697a 4500 | ||
|---|---|---|---|
| 003 | OSt | ||
| 008 | 250402b |||||||| |||| 00| 0 eng d | ||
| 082 |
_a338.18 _bP94R |
||
| 100 | _aPretty, Jules N. | ||
| 245 |
_aRegenerating Agriculture : policies and practice for sustainability and self-reliance / _cby Jules N Pretty |
||
| 260 |
_a.- New Delhi _b: Vikash Publishing _c, 1996 |
||
| 300 | _aviii,320p. | ||
| 650 | _aSocial Sciences | ||
| 650 | _aEconomics | ||
| 650 | _aAgriculture | ||
| 942 |
_2ddc _cDB |
||
| 999 |
_c47787 _d47787 |
||